| 000 | 00618nam a22002057a 4500 | ||
|---|---|---|---|
| 010 | _aB-010251 | ||
| 020 | _c75.00 | ||
| 035 | _aB-010251 | ||
| 037 | _bCen Lib / Ret | ||
| 040 |
_aDPL _bEn |
||
| 082 |
_a153.93 _bPRA |
||
| 100 | _aPrashant Kumar | ||
| 245 |
_aData interpretation : _b10 sets of full leghth test papers with explanatory answers / _cby Prashant Kumar |
||
| 260 |
_aNew Delhi _bCosmos Bookhive P Ltd |
||
| 270 |
_a47/30 East Paptel Nagar _bNew Delhi |
||
| 300 |
_a115p ; _c27cm(Hb) |
||
| 650 | _aGeneral test | ||
| 650 | _aTaking strategies | ||
| 942 |
_2ddc _cEN _h153.93 _mPRA |
||
| 999 |
_c137150 _d137150 |
||